[Event "Joao Pessoa de Assis Memorial 2nd"]
[Site "Joao Pessoa"]
[Date "2022.10.22"]
[Round "3"]
[White "Canonico, Rodrigo"]
[Black "De Albuquerque, Helio Sergio"]
[Result "1-0"]
[WhiteElo "1677"]
[BlackElo "1652"]
[PlyCount "59"]
[EventDate "2022.10.21"]
[EventType "swiss"]
[EventRounds "6"]
[EventCountry "BRA"]
[SourceTitle "CBM 210 Extra"]
[Source "ChessBase"]
[SourceDate "2022.11.30"]
[SourceVersion "1"]
[SourceVersionDate "2022.11.30"]
[SourceQuality "1"]

1. e4 c6 2. d4 Qc7 3. Nc3 e5 4. dxe5 Qxe5 5. f4 Qa5 6. Nf3 Qc7 7. Bc4 d6 8. 0-0 b5 9. Bb3 Nd7 10. Ng5 Nh6 11. Qe2 Nc5 12. e5 dxe5 13. fxe5 Nxb3 14. axb3 Bc5+ 15. Be3 Bxe3+ 16. Qxe3 Ng4 17. Qf4 Qb6+ 18. Kh1 0-0 19. e6 Nf6 20. Nce4 fxe6 21. Qh4 h6 22. Nxf6+ gxf6 23. Qxh6 Qc7 24. Rxf6 Rxf6 25. Qxf6 Qg7 26. Qd8+ Qf8 27. Qc7 Qg7 28. Qxc6 Rb8 29. Nxe6 Qf7 30. Ng5 1-0

[Event "Joao Pessoa de Assis Memorial 2nd"]
[Site "Joao Pessoa"]
[Date "2022.10.22"]
[Round "4"]
[White "De Albuquerque, Helio Sergio"]
[Black "De Souza, Raimunda Claudia Re"]
[Result "0-1"]
[WhiteElo "1652"]
[BlackElo "1673"]
[PlyCount "60"]
[EventDate "2022.10.21"]
[EventType "swiss"]
[EventRounds "6"]
[EventCountry "BRA"]
[SourceTitle "CBM 210 Extra"]
[Source "ChessBase"]
[SourceDate "2022.11.30"]
[SourceVersion "1"]
[SourceVersionDate "2022.11.30"]
[SourceQuality "1"]

1. c3 e5 2. Qc2 Nc6 3. g3 Bc5 4. e3 d5 5. a4 e4 6. Bb5 Nge7 7. b4 Bd6 8. c4 Be6 9. c5 Be5 10. Bb2 0-0 11. f4 exf3 12. Nxf3 Nxb4 13. Qb3 Bxb2 14. Ra2 Nxa2 15. Qxb2 c6 16. Be2 Qa5 17. Qxa2 d4 18. Qc2 dxe3 19. Ng5 Bf5 20. Bd3 Bg6 21. 0-0 exd2 22. Nxd2 Bxd3 23. Qxd3 Qxc5+ 24. Rf2 Qxg5 25. Ne4 Qg6 26. Qe3 Rfe8 27. Re2 Nd5 28. Qxa7 Rxa7 29. Nf6+ Nxf6 30. Rxe8+ Nxe8 0-1

[Event "BRA-ch Seniors 50"]
[Site "Joao Pessoa"]
[Date "2022.08.20"]
[Round "3"]
[White "De Albuquerque, Helio Sergio"]
[Black "Moura, Paulo Jorge Alves"]
[Result "0-1"]
[WhiteElo "1688"]
[BlackElo "1817"]
[PlyCount "62"]
[EventDate "2022.08.19"]
[EventType "k.o."]
[EventRounds "5"]
[EventCountry "BRA"]
[SourceTitle "CBM 210 Extra"]
[Source "ChessBase"]
[SourceDate "2022.11.30"]
[SourceVersion "1"]
[SourceVersionDate "2022.11.30"]
[SourceQuality "1"]

1. c3 d5 2. Qc2 e5 3. f3 Nf6 4. d4 Bd6 5. b3 exd4 6. cxd4 Nh5 7. Be3 Nc6 8. a3 Qh4+ 9. Bf2 Qg5 10. e3 0-0 11. Nh3 Qe7 12. g4 Nf6 13. Bh4 Qxe3+ 14. Be2 Nxd4 15. Qd3 Nxf3+ 16. Kd1 Qxd3+ 17. Bxd3 Nxh4 18. g5 Ne4 19. Bxe4 dxe4 20. Nf2 Re8 21. Nc3 e3 22. Nd3 Bg4+ 23. Kc2 e2 24. Ne1 Rad8 25. Rg1 Bf5+ 26. Kb2 Bc5 27. Rg3 Rd2+ 28. Kc1 Red8 29. Ra2 Rd1+ 30. Nxd1 exd1Q+ 31. Kb2 Bd4+ 0-1

[Event "Joao Pessoa de Assis Memorial 1st"]
[Site "Joao Pessoa"]
[Date "2019.11.17"]
[Round "6"]
[White "Da Silva, Antonio Dutra"]
[Black "De Albuquerque, Helio Sergio"]
[Result "1-0"]
[WhiteElo "1700"]
[BlackElo "1800"]
[PlyCount "77"]
[EventDate "2019.11.15"]
[EventType "swiss"]
[EventRounds "6"]
[EventCountry "BRA"]
[SourceTitle "CBM 193 Extra"]
[Source "ChessBase"]
[SourceDate "2020.01.31"]
[SourceVersion "1"]
[SourceVersionDate "2020.01.31"]
[SourceQuality "1"]

1. e4 c6 2. d4 Qc7 3. Nf3 g6 4. Be2 b5 5. 0-0 d6 6. Be3 Nf6 7. Nbd2 d5 8. e5 Ne4 9. c3 h5 10. Qc2 f5 11. Nb3 Bh6 12. Nh4 f4 13. Nxg6 fxe3 14. fxe3 Bxe3+ 15. Kh1 Rg8 16. Bxh5 Qd7 17. Nf8+ Kd8 18. Nxd7 Bxd7 19. Qe2 Bh6 20. Bf7 Bg4 21. Qxe4 dxe4 22. Bxg8 Nd7 23. Rae1 Kc7 24. Bh7 e3 25. h3 Nf8 26. Rxf8 Rxf8 27. hxg4 Bf4 28. Nc5 Bg3 29. Ne6+ Kb6 30. Nxf8 Bxe1 31. Bd3 c5 32. Nd7+ Kc6 33. Nxc5 a5 34. Kg1 b4 35. c4 a4 36. Nxa4 Bh4 37. Kf1 Bg5 38. Ke2 e6 39. Nc5 1-0